[Event "POL-ch Blitz U18 Girls"]
[Site "Bydgoszcz"]
[Date "2023.08.31"]
[Round "1"]
[White "Michniak, Julia"]
[Black "Ziobrowska, Maja"]
[Result "0-1"]
[WhiteElo "1220"]
[BlackElo "1713"]
[PlyCount "86"]
[EventDate "2023.08.28"]
[EventType "swiss"]
[EventRounds "9"]
[EventCountry "POL"]
[SourceTitle "EXT 2024"]
[Source "ChessBase"]
[SourceDate "2023.10.10"]
[SourceVersion "1"]
[SourceVersionDate "2023.10.10"]
[SourceQuality "1"]

1. d4 d5 2. Bf4 Nf6 3. Nf3 c6 4. e3 Nbd7 5. c3 e6 6. Bd3 Be7 7. Nbd2 0-0 8. Ne5 h6 9. 0-0 Nxe5 10. Bxe5 Nd7 11. Bg3 c5 12. Nf3 a6 13. Ne5 c4 14. Bc2 b5 15. a3 Nxe5 16. Bxe5 a5 17. Re1 Bb7 18. e4 b4 19. axb4 axb4 20. exd5 Bxd5 21. Be4 Rxa1 22. Qxa1 Bxe4 23. Rxe4 Qd5 24. Re1 Ra8 25. Qc1 b3 26. h3 Ra2 27. Qd2 Ba3 28. Rb1 Bd6 29. Bxd6 Qxd6 30. Qe3 Qa6 31. Qc1 Qc6 32. Qe3 Qd5 33. Qe5 Qa8 34. Qe3 Ra1 35. Qe1 Ra2 36. Qe3 Qa5 37. Qe2 Qf5 38. Qe1 Qc2 39. Ra1 Qxb2 40. Rb1 Qc2 41. Rc1 Qd2 42. Qf1 b2 43. Rb1 Qxc3 0-1